Detalles MARC
| 000 -LEADER |
| fixed length control field |
01603nam a2200265Ia 4500 |
| 003 - CONTROL NUMBER IDENTIFIER |
| control field |
OSt |
| 005 - DATE AND TIME OF LATEST TRANSACTION |
| control field |
20211118122612.0 |
| 008 - FIXED-LENGTH DATA ELEMENTS--GENERAL INFORMATION |
| fixed length control field |
210310s1977 ui fr 000 0 eng d |
| 020 ## - INTERNATIONAL STANDARD BOOK NUMBER |
| International Standard Book Number |
0198284020 |
| 040 ## - CATALOGING SOURCE |
| Original cataloging agency |
CO-JMCR |
| Transcribing agency |
CO-JMCR |
| 041 0# - LANGUAGE CODE |
| Language code of text/sound track or separate title |
eng |
| 082 04 - DEWEY DECIMAL CLASSIFICATION NUMBER |
| Classification number |
338.92 / |
| Item number |
N549f |
| Edition number |
23 |
| 100 1# - MAIN ENTRY--PERSONAL NAME |
| Personal name |
Newlyn, Walter Tessier, |
| 9 (RLIN) |
18342 |
| Relator term |
autor |
| 245 14 - TITLE STATEMENT |
| Title |
The financing of economic development / |
| Statement of responsibility, etc. |
W.T. Newlyn ; with contributions and collaboration from, U. Avramides, J.F.Brothwell, N. Kessel, [y otros 4] |
| 260 ## - PUBLICATION, DISTRIBUTION, ETC. |
| Place of publication, distribution, etc. |
Oxford [England] : |
| Name of publisher, distributor, etc. |
Clarendon Press, |
| Date of publication, distribution, etc. |
1977 |
| 300 ## - PHYSICAL DESCRIPTION |
| Extent |
374 páginas ; |
| Dimensions |
22 cm. |
| 500 ## - GENERAL NOTE |
| General note |
Incluye notas a pie de página. |
| 505 0# - FORMATTED CONTENTS NOTE |
| Title |
The Financial Constraint / |
| Statement of responsibility |
W. T. Newlyn |
| Title |
Intermediation and Credit Creation / |
| Statement of responsibility |
W. T. Newlyn |
| Title |
Government Finance / |
| Statement of responsibility |
J.F. Brothwell |
| Title |
Foreign Finance / |
| Statement of responsibility |
W. T. Newlyn |
| Title |
Financial Interrelationships / |
| Statement of responsibility |
U. Avramides and w. t. Newlyn |
| Title |
Constraints on Credit Expansion in Three South Asian Countries / |
| Statement of responsibility |
S. K. Rao |
| Title |
Savings and the Financing of Investment in Ghana, 1960 to 1969 / |
| Statement of responsibility |
J. Warren |
| Title |
The Financial System and Economic Development in Nigeria, 1950 to 1971 / |
| Statement of responsibility |
K. J. Woolmer |
| Title |
Company Savings in Kenya's Manufacturing Sector / |
| Statement of responsibility |
N. Snowden |
| Title |
Financial Aspects of the Mining Industry in Zambia / |
| Statement of responsibility |
N. Kessel |
| Title |
Financial Policy in Perspective / |
| Statement of responsibility |
W. T. Newlyn |
| 650 14 - SUBJECT ADDED ENTRY--TOPICAL TERM |
| Topical term or geographic name entry element |
Finanzas |
| 9 (RLIN) |
18344 |
| Form subdivision |
Estudios de casos |
| General subdivision |
Países en desarrollo |
| 650 24 - SUBJECT ADDED ENTRY--TOPICAL TERM |
| Topical term or geographic name entry element |
Países en desarrollo |
| General subdivision |
Finanzas |
| 9 (RLIN) |
7396 |
| 700 1# - ADDED ENTRY--PERSONAL NAME |
| Personal name |
Avramides, U., |
| Relator term |
autor |
| 9 (RLIN) |
41592 |
| 700 1# - ADDED ENTRY--PERSONAL NAME |
| Personal name |
Brothwell, J.F., |
| Relator term |
autor |
| 9 (RLIN) |
41593 |
| 700 1# - ADDED ENTRY--PERSONAL NAME |
| Personal name |
Kessel, N., |
| Relator term |
autor |
| 9 (RLIN) |
41594 |
| 942 ## - ADDED ENTRY ELEMENTS (KOHA) |
| Source of classification or shelving scheme |
Dewey Decimal Classification |
| Koha item type |
Books |